Mots de la langue française terminés par "cale" - Statistiques

Statistiques générales
  • Ce quiz a été pris 177 fois
  • Le résultat moyen est 12 sur 22
Statistiques - réponses
Indice Mot % Correct
boiteuse bancale
92%
hernie ... discale
90%
soute cale
88%
hygiène .... buccale
83%
anesthésie ....... locale
82%
vertèbre .... cervicale
73%
consultation .... médicale
67%
évasion .... fiscale
64%
prénom féminin Pascale
62%
comédie ... musicale
61%
tempête .... tropicale
59%
arrêt escale
57%
association amicale
53%
35260 Cancale
43%
d'un signe astrologique zodiacale
38%
ligne verticale
37%
frappe .... chirurgicale
31%
couronne .... ducale
26%
catégorique radicale
25%
oraison .... dominicale
21%
règle .... grammaticale
9%
chambre .... syndicale
8%
Aucun quiz correspondant
Distribution des résultats
% des personnes avec chaque résultat
Percentile par nombre de réponses
Votre historique - résultats
Vous n’avez pas pris ce quiz